Wszystkie nazwy pociagów na stacji Katowice 2023 wakacyjny rozkład - Statystyki

Ogólne statystyki
  • Ten quiz został rozwiązany 109 razy
    106 od ostatniego zresetowania
  • Średni wynik to 19 z 57
Statystyki odpowiedzi
Kategoria Nazwa % Poprawnych
IC Przemyślanin
55%
IC Sobieski
52%
IC Artus
51%
IC Silesia
51%
IC Batory
49%
IC Wawel
49%
EIC Ondraszek
48%
IC Ślązak
46%
TLK Flisak
45%
IC Kormoran
45%
TLK Chemik
42%
IC Chopin
42%
TLK Doker
42%
OsP Gibki Cug
42%
IC Hutnik
42%
IC Porta Moravica
42%
IC Bolko
40%
OsP Sprinter
40%
IC Wyspiański
40%
IC Grottger
38%
TLK Pirat
38%
IC Boznańska
37%
IC Malczewski
37%
TLK Roztocze
37%
TLK Wydmy
37%
IC Pilecki
35%
IC Spodek
35%
IC Daszyński
34%
IC Hetman
34%
IC Piast
34%
IC Polonia
34%
IC Skarbek
34%
IC Cracovia
32%
Super Regio Energylandia
32%
TLK Rozewie
32%
Regio Karolinka
31%
IC Matejko
31%
IC Gwarek
29%
IC Sztygar
29%
TLK Galicja
28%
IC Morcinek
28%
TLK Sudety
28%
TLK Wolin
28%
TLK Karkonosze
26%
IC Osterwa
26%
IC Chełmoński
25%
IC Siemiradzki
25%
EIC Wysocki
25%
IC Podhalanin
23%
OsP Sprinter Rachowiec
23%
IC Moravia
22%
EIC Fregata
20%
IC Krakowianka
20%
OsP Sprinter Czantoria
20%
TLK Wetlina
14%
OsP Sprinter Czarna Wisełka
12%
OsP Sprinter Kiczora
6%
Nie znaleziono quizów pasujących do podanych kryteriów
Rozkład punktacji
Procent ludzi z każdym wynikiem
Percentyl według liczby udzielonych odpowiedzi
Twoja historia wyników
Nie rozwiązałeś tego quizu od ostatniego zresetowania